Essex A-Z - Statistics

General Stats
  • This quiz has been taken 41 times
    6 since last reset
  • The average score is 16 of 26
Answer Stats
Hint Answer % Correct
H Postwar new town Harlow
100%
J Reality TV star made famous on The Only Way is Essex {Joey} Essex
100%
L East London football club {Leyton} Orient
100%
R Technology first demonstrated in Chelmsford in 1920 Radio
100%
S City home to the world's longest pleasure pier Southend-on-Sea
100%
C City known to the Romans as Camulodunum Colchester
75%
F Seaside town near Clacton Frinton-on-Sea
75%
I Town in East London Ilford
75%
D Film and musical Made in {Dagenham}
75%
O TV chef from Clavering Jamie Oliver
75%
P 'Big Beat' band formed in Braintree in 1990 The {Prodigy}
75%
M 991 battle in which Viking invaders defeated the Anglo-Saxons Battle of {Maldon}
50%
V AONB on the Suffolk border Dedham {Vale}
50%
E Ancient woodland; the 'Cockney Paradise' Epping Forest
50%
K Village home to a secret nuclear bunker (now a tourist attraction) Kelvedon Hatch
50%
N Bordering sea North Sea
50%
Q Bridge over the Thames linking Essex with Kent Queen Elizabeth II Bridge
50%
G Harry Potter actor from H Rupert Grint
50%
T Port town where Elizabeth I gave a famous speech in 1588 Tilbury
50%
U District that contains Saffron Walden and Great Dunmow Uttlesford
50%
X Legion that built the fortress in C {XX} Valeria Victrix
50%
Y Material the 400,000-year-old Clacton Spear is made from Yew
50%
Z Place to see animals: C's _________ Society Zoological
50%
A Jacobean stately home near Saffron Walden Audley End House
25%
B Large estuary Blackwater Estuary
25%
W Title claimed by 17th-century vigilante (of sorts) Matthew Hopkins {Witchfinder} General
25%
No matching quizzes found
Score Distribution
Percent of People with Each Score
Percentile by Number Answered
Your Score History
You have not taken this quiz since the last reset